00697pab a2200169 454500008004000000100001400040245004600054260000900100300001500109362001000124520021700134650001000351773003400361909001000395999001700405952010500422180718b1999 xxu||||| |||| 00| 0 eng d aJha, J.D. aMoney matters: restructuring banks in CIS c1999 ap.1756-758 a3 Jul aWith the expensive restructuring of banks in Russia and many other countries of CIS, financial institutions have begun to play a significant role, often in a decision-making capacity, in the economy. - Reproduced aBanks aEconomic and Political Weekly a41422 c41422d41422 00104070aIIPAbIIPAd2018-07-19hVolume no: 34, Issue no: 27pAR41798r2018-07-19w2018-07-19yAR